000 00292nam a2200121Ia 4500
008 190216s9999||||xx |||||||||||||| ||und||
100 _aKshama Chadurvedi
245 0 _aHindi-Sikshak Digdashika
260 _bSree Nagosha Publications
_c2008
300 _a193
650 _aHindi
942 _cBK
999 _c16663
_d16663